Países concéntricos alrededor de Argentina - Estadísticas

Estadísticas generales
  • Esta prueba ha sido intentada 155 veces
  • La puntuación promedio es 12 de 13
Respuestas en el mapa
Las respuestas están codificadas por una escala verde-roja en el mapa de la prueba según el % correcto abajo.
 
Estadísticas de respuestas
# fronteras de distancia Respuesta % Correcto
3 Alemania | Andorra | Bélgica | Ecuador | España | Italia | Luxemburgo | Mónaco | Panamá | Suiza
100%
1 Chile | Bolivia | Brasil | Paraguay | Uruguay
100%
2 Colombia | Francia | Guyana | Perú | Surinam | Venezuela
100%
5 Argelia | Bielorrusia | Croacia | Eslovaquia | Hungría | Lituania | Mauritania | Nicaragua | Rusia | Ucrania
99%
4 Austria | Ciudad del Vaticano | Chequia | Costa Rica | Dinamarca | Eslovenia | Liechtenstein | Marruecos | Países Bajos | Polonia | Portugal | San Marino
99%
6 Azerbaiyán | Bosnia y Herzegovina | China | Croacia | Corea del Norte | Estonia | Finlandia | Georgia | Honduras | Letonia | Libia | Kazajistán | Mali | Moldavia | Mongolia | Niger | Noruega | Rumania | Senegal | Serbia | Tunez
97%
7 Afganistán | Armenia | Benín | Bulgaria | Burkina Faso | Bután | Chad | Costa de Marfil | Corea del Sur | Egipto | El Salvador | Gambia | Guatemala | Guinea | Guinea-Bissau | India | Irán | Kirguistán | Kosovo | Laos | Macedonia del Norte | Montenegro | Myanmar | Nepal | Nigeria | Pakistán | Sudán | Suecia | Tayikistán | Togo | Turquía | Vietnam | Uzbekistán
96%
8 Albania | Bangladés | Belice | Camboya | Camerún | Eritrea | Etiopía | Ghana | Grecia | Irak | Israel | Liberia | México | República Centroafricana | Sierra Leona | Siria | Sudan del Sur | Tailandia | Turkmenistán
92%
9 Estados Unidos | Gabón | Guinea Ecuatorial | Kenia | Kuwait | Líbano | Malasia | República del Congo | República Democrática del Congo | Somalia | Uganda | Yibuti
90%
10 Angola | Brunei | Burundi | Canadá | Catar | Emiratos Árabes Unidos | Indonesia | Omán | Ruanda | Tanzania | Yemen | Zambia
88%
11 Botsuana | Malawi | Mozambique | Namibia | Papúa Nueva Guinea | Timor Oriental | Zimbabue
81%
12 Esuatini | Sudáfrica
76%
13 Lesoto
69%
No se encontraron pruebas coincidentes
Distribución de puntuación
Porcentaje de gente con cada puntuación
Porcentaje por número respondido
Historial de tus puntuaciones
No has intentado esta prueba.